|
|
แสดงรายละเอียดบรรณานุกรม |
|
|
Brief Record
: Get Marc (ISO 2709)
: E-mail record
: |
|
|
| LEADER 00000nam 2200000uu 4500 | |||
| 001 208205 | |||
| 003 ULIBM | |||
| 008 120924s2554||||th 000 0 tha d | |||
| 024 ^a9789740326144 | |||
| 040 ^abcnkk | |||
| 041 0 ^atha^beng | |||
| 060 0 ^aWM171 ส661ร 2554 | |||
| 100 0 ^aสายฝน เอกวรางกูร. | |||
| 245 00 ^aรู้จัก เข้าใจ ดูแล ภาวะซึมเศร้า./^bสายฝน เอกวรางกูร. | |||
| 250 ^aพิมพ์ครั้งที่ 2 | |||
| 260 ^aกรุงเทพฯ : ^bสำนักพิมพ์แห่งจุฬาลงกรณ์มหาวิทยาลัย,^c2554. | |||
| 300 ^aจำนวน 229 หน้า;^bภาพประกอบ. | |||
| 650 0 ^aความซึมเศร้า. | |||
| 650 0 ^aความซึมเศร้า ^xการรักษา. | |||
| 999 ^aใช้งานได้ทุกระบบ | |||
| คุณยังไม่ได้ล็อกอิน คุณสามารถมีกิจกรรมร่วมกับเว็บไซต์ได้ แต่ต้องล็อกอินก่อน :: |
|
| สถานะ | |||||||||
| 1. | หนังสือทั่วไป | WM171 ส661ร 2554 | On Shelf ขอยืม | ||||||
| 2. | หนังสือทั่วไป สถานะ=หนังสือเก่า - บริการ ณ ห้องสมุด (ห้องเหลือง) | WM171 ส661ร 2554 ฉ.2 | On Shelf ขอยืม | ||||||
| 3. | หนังสือทั่วไป สถานะ=หนังสือเก่า - บริการ ณ ห้องสมุด (ห้องเหลือง) | WM171 ส661ร 2554 ฉ.3 | On Shelf ขอยืม | ||||||
| [แสดง 3/3 รายการ] | |||||||||
| รายการใกล้เคียง ผู้แต่ง [สายฝน เอกวรางกูร.] หัวเรื่อง [ความซึมเศร้า.]
|
BibComment |
| คอมเมนท์ทรัพยากรรายการนี้ |
|
|